| 000 | 00910nam a22002415i 4500 | ||
|---|---|---|---|
| 001 | 18248498 | ||
| 005 | 20201128024324.0 | ||
| 008 | 140731s2014 nyu 000 0 eng | ||
| 020 | _a9783662447215 | ||
| 020 | _a3662447215 | ||
| 040 |
_aDLC _beng _cDLC _dEG-ScBUE |
||
| 082 | 0 | 4 |
_222 _a006.3 _bART |
| 245 | 0 | 0 |
_aArtificial intelligence applications and innovations : _bAIAI 2014 workshops: COPA, MHDW, IIVC, and MT4BD, Rhodes, Greece, September 19-21, 2014, Proceedings / _cLazaros Iliadis ... [editor] |
| 250 | _a1st ed. | ||
| 260 |
_aHeidelberg : _bSpringer, _cc.2014. |
||
| 300 |
_axvi, 352 p. : _bill. ; _c24 cm. |
||
| 490 | 0 |
_aIFIP advances in information and communication technology ; _v437 |
|
| 504 | _aIncludes bibliographical references and index. | ||
| 650 | 7 |
_2BUEsh _9529 _aArtificial intelligence. |
|
| 653 |
_bGGEN _bCOMSCI _cApril2018 |
||
| 700 | 1 |
_aIliadis, Lazaros, _eeditor. |
|
| 942 | _2ddc | ||
| 999 |
_c26539 _d26511 |
||